| 000 | 01271nas a2200313 a 4500 | ||
|---|---|---|---|
| 003 | AM-YeHGA | ||
| 040 | _aAM-YeHGA | ||
| 650 | 0 | 4 | _aԱմսագիր |
| 942 |
_2udc _cCR |
||
| 090 | _c497393 | ||
| 001 | 000919790 | ||
| 005 | 20250618075750.0 | ||
| 008 | 121015c19869999sz mr p 0 0arm d | ||
| 041 | 0 | _aarm | |
| 041 | 0 | _afre | |
| 222 | 0 | _aԱրձագանգ = Artzakank-Echo | |
| 245 | 0 | 0 |
_aԱրձագանգ = : _bArtzakank = Echo / _cԽմբ.՝ Մարալ Սիմսար Թոնբազյան; հրատ.՝ Հայ տիկնանց միություն-Ժնև. |
| 246 | 1 | 1 | _aArtzakank-Echo |
| 260 |
_aԺնև, _c1986-. |
||
| 270 |
_aCase postale 153-1211 Petit-Saconnex 19 _bԺնև _kTel:022 700 36 85 _martzakank@worldcom.ch |
||
| 300 | _aՀամար. | ||
| 310 | _aԱմենամսյա | ||
| 362 | 0 | _a1986- | |
| 546 | _aՏեքստը՝ հայ., ֆրանս. | ||
| 650 | 1 | 4 |
_aՀայկական գաղթօջախներ _zՇվեյցարիա _vՊարբերականներ |
| 700 | 1 |
_aԹոնբազյան,Մարալ Սիմսար _eԽմբ. _4edt |
|
| 710 | 2 |
_aՀայ յեղափոխական դաշնակցութիւն _94870 |
|
| 770 | 0 |
_aՀատուկ թողարկում _gՀոկտ., 2012 _tՀայ տպագրության 500-այակը: Երևանը գրքի մայրաքաղաք 2012: |
|
| 999 |
_c494005 _d494005 |
||